| 000 | 00729nam a22002057a 4500 | ||
|---|---|---|---|
| 999 |
_c165931 _d165931 |
||
| 005 | 20190711105126.0 | ||
| 010 | _aB-728457 | ||
| 020 |
_a9789352832200 _c525.00 |
||
| 035 | _aB-728457 | ||
| 037 | _bRK Books | ||
| 082 | _a000 | ||
| 100 | _aAggarwal,R.S. | ||
| 245 |
_aS. Chand's advanced objective general knowledge / _cby R.S. Aggarwal |
||
| 250 | _arev. ed | ||
| 260 |
_aNew Delhi _bS. Chand _c2018 |
||
| 270 |
_a7361, Ram Nagar, Qutub Road _bNew Delhi _e110055 |
||
| 300 | v |
_avarious pagings _c27cm(pbk) |
|
| 942 |
_2ddc _cEN _mAGG _h000 |
||